[Event "EU-ch Online U12"]
[Site "Tornelo INT"]
[Date "2020.09.19"]
[Round "6"]
[White "Robertson, Callum"]
[Black "Ramaj, Ergit"]
[Result "0-1"]
[WhiteElo "1601"]
[BlackElo "1434"]
[PlyCount "118"]
[EventDate "2020.09.18"]
[EventType "swiss (rapid)"]
[EventRounds "9"]
[EventCountry "NET"]
[SourceTitle "EXT 2023"]
[Source "ChessBase"]
[SourceDate "2022.10.05"]
[SourceVersion "1"]
[SourceVersionDate "2022.10.05"]
[SourceQuality "1"]
[WhiteTeam "Schottland"]
[BlackTeam "Albania"]
[WhiteTeamCountry "SCO"]
[BlackTeamCountry "ALB"]

1. d4 Nf6 2. c4 e6 3. Nc3 Bb4 4. e3 0-0 5. Bd3 d5 6. Nge2 b6 7. a3 Be7 8. 0-0 Bb7 9. Qc2 Nbd7 10. cxd5 exd5 11. Bd2 c5 12. b3 a6 13. a4 Qc7 14. Ng3 g6 15. e4 cxd4 16. Nce2 Qxc2 17. Bxc2 Nxe4 18. Nxe4 dxe4 19. Nxd4 f5 20. Bc3 Bf6 21. Bb2 Rac8 22. Rac1 Rfe8 23. Rfe1 Nc5 24. h3 a5 25. Red1 e3 26. fxe3 Rxe3 27. Bxf5 gxf5 28. Nxf5 Bxb2 29. Nxe3 Bxc1 30. Rxc1 Nxb3 31. Rd1 Nc5 32. Nc4 Nxa4 33. Nd6 Rd8 34. Rd4 Nc3 35. Rg4+ Kf8 36. Nxb7 Rd1+ 37. Kf2 a4 38. Rf4+ Ke7 39. Rc4 a3 40. Rc7+ Ke6 41. Nd8+ Rxd8 42. Rxc3 Ra8 43. Rc1 b5 44. Ke3 Kd5 45. Kd3 b4 46. Ra1 Rc8 47. Kd2 Kd4 48. g4 Rc3 49. h4 Rg3 50. g5 Rg2+ 51. Kc1 Rg1+ 52. Kc2 Rxa1 53. h5 Rg1 54. Kb3 Rxg5 55. Kxb4 a2 56. h6 a1Q 57. Kb3 Qc3+ 58. Ka2 Ra5+ 59. Kb1 Ra1# 0-1